Taylor Swift - Paroles How did it end ? - Statistics

General Stats
  • This quiz has been taken 19 times
  • The average score is 179 of 231
Answer Stats
Hint Answer % Correct
D
100%
I
100%
me
100%
Y
100%
a
95%
did
95%
end ?
95%
G
95%
how
95%
in
95%
it
95%
N
95%
so
95%
again
89%
and
89%
as
89%
beloved
89%
can
89%
death
89%
ghost
89%
leaving
89%
my
89%
on
89%
our
89%
sitting
89%
the
89%
tree
89%
all
84%
breathing
84%
dreaming
84%
feeling
84%
happenin'
84%
it's
84%
of
84%
once
84%
rattle
84%
Bridge say
84%
to
84%
was
84%
with
84%
you
84%
Chorus come
79%
deflation
79%
except
79%
friends
79%
go
79%
happening
79%
he
79%
hear ?
79%
know
79%
no
79%
one
79%
soul
79%
tell
79%
Verse 1 | Verse 2 we
79%
who
79%
can't
74%
conduct
74%
could
74%
empathetic
74%
hereby
74%
home
74%
hunger
74%
like
74%
must
74%
outdoorsmen
74%
pretend
74%
reeling
74%
she
74%
silenced
74%
that
74%
they
74%
this
74%
we'll
74%
were
74%
are
68%
at
68%
cause
68%
cure
68%
descends
68%
don't
68%
Chorus guess
68%
him
68%
husbands
68%
not
68%
off
68%
such
68%
their
68%
them
68%
then
68%
they'll
68%
trust
68%
became
63%
bereft
63%
birthright
63%
calling
63%
circles
63%
circumstances
63%
cousins
63%
dances
63%
didn't
63%
different
63%
flower
63%
foreign
63%
into
63%
learn
63%
lost
63%
maladies
63%
post-mortem
63%
ran
63%
right
63%
shops ?
63%
soon
63%
steps
63%
still
63%
touch
63%
understand
63%
walking
63%
but
58%
called
58%
chance
58%
chances ?
58%
fell
58%
game
58%
gasp
58%
house
58%
smug
58%
victim
58%
what
58%
blind
53%
glances
53%
feverishly
47%
interloper's
37%
unforeseen
37%
(ohh)
26%
uh-oh
11%
uh-oh-oh-oh
11%
hit
0%
No matching quizzes found
Score Distribution
Percent of People with Each Score
Percentile by Number Answered
Your Score History
You have not taken this quiz